| 000 | 00762nam a22002057a 4500 | ||
|---|---|---|---|
| 999 |
_c12994 _d12994 |
||
| 003 | AR-CdUCM | ||
| 008 | 190410b ||||| |||| 00| 0 spa d | ||
| 020 | _a84-01-60682-9 | ||
| 040 |
_aMUNICIPALIDAD PROVINCIAL DEL CUSCO _cBIBLIOTECA MUNICIPAL DEL CUSCO |
||
| 082 |
_a909.5 / _bC87 |
||
| 245 | _aCrónica del siglo XX / | ||
| 260 |
_bPlaza & Janes, _c1986. |
||
| 300 |
_a1325 páginas ; _bIlustraciones, _c30 cm. |
||
| 505 | _aContenido: El nuevo siglo 1900-1909 -- La primera guerra mundial 1910-1919 -- Los dorados años veinte 1920-1929 -- Las sombras se ciernen sobre Europa 1930-1939 ... | ||
| 650 |
_aCrónicas _9247 |
||
| 650 |
_aSiglo XX. _98 |
||
| 650 |
_aCrisis de la cultura occidental _931151 |
||
| 942 |
_2ddc _cLIBROS |
||
| 945 |
_aacv _d2019-04-10 |
||